Statistics for Just Dance Summer Party Songs

Click here to take the quiz!

General Stats

  • This quiz has been taken 192 times
  • The average score is 11 of 23

Answer Stats

HintAnswer% Correct
Aqua1997Barbie Girl
86%
Estelle feat. Kanye West2007American Boy
78%
Katy Perry2010Firework
77%
A.R. Rahman and The Pussycat Dolls feat. Nicole Scherzinger2008Jai Ho! (You Are My Destiny)
62%
Steppenwolf1968Born To Be Wild
61%
Lipps Inc.1980Funkytown
56%
VV Brown2008Crying Blood
54%
Panic! At The Disco2007Nine In The Afternoon
54%
Rihanna2005Pon De Replay
54%
Lou Bega1999Mambo No. 5
52%
Blur1996Song 2
51%
MARRS1988Pump Up The Volume
49%
A Band of Bees2003Chicken Payback
45%
M People1993Moving On Up
42%
Love Letter2009Why Oh Why
40%
Carl Douglas1984Kung Fu Fighting
38%
The Supremes1966You Can't Hurry Love
38%
Sweat Invaders2011Skin-To-Skin
36%
Michael Sembello1983Maniac
33%
Ini Kamoze1994Here Comes The Hotstepper
30%
Carl Sandburg1927Down By The Riverside
28%
Nick Phoenix & Thomas J. Bergerson2009Professor Pumplesickle
28%
Paul J. Borg2009Futebol Crazy
19%

Score Distribution

Percentile by Number Answered

Percent of People with Each Score

Your Score History

You have not taken this quiz